[Event "Offene Hessische Senioren Einzelmeisters"]
[Site "Bad Sooden- Allendorf"]
[Date "2011.05.06"]
[Round "7.1"]
[White "Ljubarskij, Juri"]
[Black "Ghijsen, Pim"]
[Result "1/2-1/2"]
[WhiteElo "2253"]
[BlackElo "2194"]
[PlyCount "80"]
[EventDate "2011.??.??"]

1. d4 Nf6 2. Nf3 d5 3. c4 c6 4. e3 a6 5. Nc3 b5 6. b3 Bg4 7. Bd3 Nbd7 8. Bb2 e6
9. Rc1 Be7 10. O-O O-O 11. Re1 Rb8 12. Rc2 Qa5 13. c5 e5 14. dxe5 Nxe5 15. Nxd5
Nxd5 16. Bxe5 Rbd8 17. Bd4 Bxf3 18. gxf3 Nb4 19. Qd2 Bf6 20. Rd1 Bxd4 21. exd4
Rxd4 22. Bxh7+ Kxh7 23. Qxd4 Nxc2 24. Qe4+ Kg8 25. Qxc2 Qb4 26. Rd6 Qf4 27. Qc3
Re8 28. Rd4 Qe5 29. Qe3 Qxe3 30. fxe3 Rxe3 31. Rd6 Re2 32. Rxc6 Rxa2 33. Rb6
Rc2 34. c6 a5 35. Rxb5 Rxc6 36. Rxa5 Rc2 37. b4 Rb2 38. Ra8+ Kh7 39. Rb8 Kg6
40. b5 f5 1/2-1/2

[Event "Offene Hessische Senioren Einzelmeisters"]
[Site "Bad Sooden- Allendorf"]
[Date "2011.05.06"]
[Round "7.2"]
[White "van den Berg, Ad"]
[Black "van Geffen, Ben"]
[Result "1/2-1/2"]
[WhiteElo "2220"]
[BlackElo "2135"]
[PlyCount "67"]
[EventDate "2011.??.??"]

1. e4 e5 2. Nf3 Nc6 3. Nc3 Nf6 4. Bb5 Nd4 5. Ba4 Bc5 6. d3 Qe7 7. O-O c6 8.
Nxd4 Bxd4 9. Ne2 Bb6 10. Ng3 d6 11. Be3 Be6 12. Bb3 O-O 13. Qf3 Nd7 14. c3 Bxe3
15. fxe3 g6 16. d4 Bxb3 17. axb3 a6 18. Rf2 Rae8 $11 19. c4 c5 20. d5 Qg5 21.
Raf1 h5 22. Ne2 Re7 23. Qg3 Qxg3 24. Nxg3 Kg7 25. h4 f6 26. Ra1 Ref7 27. Rf3
Nb6 28. Kf2 Rc7 29. Ke2 Nc8 30. Kd2 Ne7 31. Kc3 Rfc8 32. Raf1 Ng8 33. Ne2 Rf8
34. Ng3 1/2-1/2

[Event "Offene Hessische Senioren Einzelmeisters"]
[Site "Bad Sooden- Allendorf"]
[Date "2011.05.06"]
[Round "7.3"]
[White "Holscher, Peter"]
[Black "Baum, Dr. Bernd"]
[Result "1-0"]
[WhiteElo "2085"]
[BlackElo "2267"]
[PlyCount "111"]
[EventDate "2011.??.??"]

1. d4 Nf6 2. Nf3 g6 3. g3 Bg7 4. c4 O-O 5. Bg2 d5 6. O-O dxc4 7. Ne5 Ne8 8. Na3
Nd6 9. e3 Be6 10. Qe2 c6 11. Nexc4 Nxc4 12. Nxc4 Bd5 13. Bd2 Bxg2 14. Kxg2 Na6
15. Rac1 Nc7 16. Rfd1 Ne6 17. b3 Ng5 18. h4 Ne4 19. Be1 Qd7 20. f3 Nd6 21. Bf2
Qe6 22. e4 f5 23. e5 f4 24. g4 h5 25. Re1 Nb5 26. gxh5 gxh5 27. Kh2 Rad8 28.
Qe4 Qd5 29. Qxd5+ Rxd5 30. Re4 Rfd8 31. Rg1 Nxd4 32. Bxd4 Rxd4 33. Rxd4 Rxd4
34. Rg5 Rd3 35. Kg2 Rc3 36. Rxh5 Rc2+ 37. Kh3 Rxa2 38. e6 b5 39. Ne5 Bxe5 40.
Rxe5 Rb2 41. Kg4 Rxb3 42. Rc5 a5 43. Rxc6 a4 44. Kg5 Kg7 45. Rc7 b4 46. Rxe7+
Kf8 47. Kf6 Rc3 48. Rb7 Rc8 49. Rxb4 Ra8 50. Rb1 a3 51. h5 a2 52. Ra1 Ra7 53.
h6 Kg8 54. h7+ Rxh7 55. Rxa2 Rh6+ 56. Ke7 1-0

[Event "Offene Hessische Senioren Einzelmeisters"]
[Site "Bad Sooden- Allendorf"]
[Date "2011.05.06"]
[Round "7.4"]
[White "Vogel, Jaap"]
[Black "Liebert, Heinz"]
[Result "1/2-1/2"]
[WhiteElo "2216"]
[BlackElo "2240"]
[PlyCount "63"]
[EventDate "2011.??.??"]

1. d4 Nf6 2. Nf3 e6 3. g3 b6 4. Bg2 Bb7 5. O-O c5 6. c4 cxd4 7. Qxd4 Nc6 8. Qd3
d5 9. cxd5 Qxd5 10. Qxd5 Nxd5 11. e4 Ndb4 12. Nc3 Nd3 13. Rd1 O-O-O 14. Bf1
Nxc1 15. Rxd8+ Kxd8 16. Rxc1 Bd6 17. Bb5 Ke7 18. Bxc6 Bxc6 19. Nd4 Bd7 20. Ncb5
Bc5 21. b4 Bxd4 22. Nxd4 Kd6 23. f4 e5 24. Nf3 exf4 25. gxf4 Rc8 26. Rxc8 Bxc8
27. Kf2 f6 28. Ke3 Be6 29. a3 a5 30. bxa5 bxa5 31. Kd4 g6 32. h4 1/2-1/2

[Event "Offene Hessische Senioren Einzelmeisters"]
[Site "Bad Sooden- Allendorf"]
[Date "2011.05.06"]
[Round "7.5"]
[White "Jongsma, Lex"]
[Black "Just, Fred"]
[Result "1-0"]
[WhiteElo "2196"]
[BlackElo "2198"]
[PlyCount "107"]
[EventDate "2011.??.??"]

1. e4 d5 2. Nc3 dxe4 3. Nxe4 Nd7 4. Bc4 e6 5. Nf3 Ngf6 6. Qe2 Nxe4 7. Qxe4 Bd6
8. d4 Nf6 9. Qe2 O-O 10. Bg5 Bb4+ 11. c3 Be7 12. O-O-O Bd7 13. Ne5 Bc6 14. Nxc6
bxc6 15. h4 Nd5 16. Qg4 f5 17. Qg3 Qd6 18. Bxe7 Qxe7 19. Rhe1 Rf6 20. Qf3 Qd6
21. Re5 a5 22. Rde1 Rb8 23. Bb3 h6 24. g3 Kf8 25. R1e2 Rd8 26. c4 Ne7 27. Rd2
Qb4 28. a3 Qb7 29. Rxa5 Qb6 30. Qc3 c5 31. Rxc5 f4 32. g4 f3 33. Rb5 Qd6 34.
Re5 Ng6 35. g5 hxg5 36. hxg5 Rf4 37. c5 Qe7 38. Rxe6 Qxg5 39. Qe3 Nh4 40. Re4
Ng2 41. Rxf4+ Nxf4 42. Qxf3 Qf6 43. Qc3 Re8 44. Bc4 Re1+ 45. Kc2 Qg6+ 46. Kb3
Qe4 47. Qc2 Qb7+ 48. Ka2 Nd5 49. Qf5+ Nf6 50. d5 Re4 51. Bb3 Qb5 52. d6 cxd6
53. Rxd6 Qe8 54. Rxf6+ 1-0

[Event "Offene Hessische Senioren Einzelmeisters"]
[Site "Bad Sooden- Allendorf"]
[Date "2011.05.06"]
[Round "7.6"]
[White "Rüberg, Jobst"]
[Black "Zunker, Dr. Reinhard"]
[Result "1-0"]
[WhiteElo "2143"]
[BlackElo "2211"]
[PlyCount "67"]
[EventDate "2011.??.??"]

1. e4 g6 2. d4 Bg7 3. Nc3 d6 4. Be3 c6 5. f4 Qa5 6. h3 Nd7 7. Qd2 b5 8. Bd3 Rb8
9. Nf3 c5 10. O-O c4 11. Be2 Bb7 12. b4 Qd8 13. a4 a6 14. axb5 axb5 15. Ra5 e6
16. Nxb5 Ndf6 17. e5 Ne4 18. Qe1 d5 19. Ng5 Ne7 20. Nxe4 dxe4 21. Nd6+ Kf8 22.
Bxc4 Bd5 23. Bxd5 exd5 24. f5 f6 25. Qg3 Rxb4 26. exf6 Bxf6 27. fxg6 Nxg6 28.
Bg5 Rb1 29. Rxb1 Bxg5 30. Rf1+ Kg8 31. Rxd5 h6 32. Qg4 Qe7 33. Rf7 Be3+ 34. Kh1
1-0

[Event "Offene Hessische Senioren Einzelmeisters"]
[Site "Bad Sooden- Allendorf"]
[Date "2011.05.06"]
[Round "7.7"]
[White "Schumacher, Gottfried"]
[Black "Niebling, Ferdinand"]
[Result "1-0"]
[WhiteElo "2291"]
[BlackElo "2189"]
[PlyCount "81"]
[EventDate "2011.??.??"]

1. d4 d5 2. Nc3 e6 3. e4 Bb4 4. Bd3 c5 5. a3 Bxc3+ 6. bxc3 Ne7 7. Nf3 Nbc6 8.
O-O Bd7 9. Re1 Qa5 10. Rb1 c4 11. Bf1 O-O-O 12. exd5 exd5 13. Ne5 Nxe5 14. dxe5
Ng6 15. Be3 Rhe8 16. Bd4 Re7 17. Qh5 h6 18. e6 Rxe6 19. Bxg7 Rxe1 20. Rxe1 Qxa3
21. Qxd5 Be6 22. Qe4 Qc5 23. Rb1 Bd5 24. Qf5+ Rd7 25. Bxh6 Qc6 $11 26. Qh5 Re7
27. Be3 b6 28. Rd1 Re5 29. Qh6 Re4 30. g3 Re8 31. Rd4 b5 32. Rd1 a5 33. Bd4 Kb7
34. Qg5 Qe6 35. Be3 Ne5 36. Be2 Bf3 37. Kf1 Qh3+ 38. Ke1 Bxe2 39. Kxe2 Qxh2 40.
Rd4 f6 41. Qg7+ 1-0

[Event "Offene Hessische Senioren Einzelmeisters"]
[Site "Bad Sooden- Allendorf"]
[Date "2011.05.06"]
[Round "7.8"]
[White "Lang, Ferdinand"]
[Black "Knaak, Joachim"]
[Result "1-0"]
[WhiteElo "2125"]
[BlackElo "2190"]
[PlyCount "139"]
[EventDate "2011.??.??"]

1. e4 c5 2. Nf3 d6 3. d4 cxd4 4. Nxd4 Nf6 5. Nc3 g6 6. Be2 Bg7 7. O-O O-O 8.
Be3 Nc6 9. h3 Bd7 10. Qd2 Rc8 11. Rad1 Ne5 12. Nf3 Nxf3+ 13. Bxf3 Qc7 14. Bd4
Bc6 15. Rfe1 e5 16. Be3 Rfd8 17. Bg5 b5 18. Re2 b4 19. Bxf6 Bxf6 20. Nd5 Bxd5
21. Qxd5 Qb6 22. Red2 Bg5 23. Re2 Rc5 24. Qb3 h5 25. Bxh5 Kg7 26. Bg4 a5 27. a3
Rb8 28. a4 Rb7 29. Rd5 Rbc7 30. Rxc5 Rxc5 31. c3 Qc6 32. cxb4 axb4 33. Qxb4 Rc4
34. Qb5 Qxb5 35. axb5 Rb4 36. Bd7 Bc1 37. Re1 Bxb2 38. Rb1 Kf8 39. Kf1 Ke7 40.
Bc6 Kd8 41. Ke2 Kc7 42. Kd3 Bc3 43. Rxb4 Bxb4 44. Be8 Bc5 45. f3 g5 46. Bxf7
Bf2 47. Kc4 Kd7 48. Kd5 Bb6 49. Be6+ Kc7 50. Kc4 Bf2 51. Bd5 Kb6 52. Bc6 Kc7
53. Kd5 Bc5 54. Ke6 Be3 55. Kf5 Bf4 56. Kg4 Be3 57. g3 Kd8 58. h4 gxh4 59. Kxh4
Ke7 60. Kh3 Kf6 61. Kg2 Bb6 62. Kf1 Ke7 63. Ke2 Kd8 64. f4 exf4 65. gxf4 Ke7
66. Kd3 Kd8 67. Bd5 Bc7 68. Be6 Bb8 69. Bg4 Bc7 70. Kd4 1-0

[Event "Offene Hessische Senioren Einzelmeisters"]
[Site "Bad Sooden- Allendorf"]
[Date "2011.05.06"]
[Round "7.9"]
[White "Stimpel, Franz"]
[Black "Villing, Dieter"]
[Result "0-1"]
[WhiteElo "2189"]
[BlackElo "2223"]
[PlyCount "92"]
[EventDate "2011.??.??"]

1. d4 Nf6 2. c4 e6 3. Nc3 c5 4. d5 exd5 5. cxd5 d6 6. g3 g6 7. Bg2 Bg7 8. Nf3
O-O 9. O-O Re8 10. Bf4 a6 11. a4 Nh5 12. Bg5 Bf6 13. Bxf6 Qxf6 14. Re1 Nd7 15.
e4 Rb8 16. Qd3 Ng7 17. Rad1 b5 18. axb5 axb5 19. Ra1 b4 20. Nd1 Nb6 21. Ra5 Bg4
22. Re3 c4 23. Qe2 Rec8 24. h3 c3 25. hxg4 c2 26. Ra1 c1=Q 27. Rxc1 Rxc1 28.
Kh2 g5 29. Ne1 Nc4 30. Rb3 Ne5 31. Kg1 Qd8 32. Qd2 Ra1 33. Ne3 Ne8 34. f4 gxf4
35. gxf4 Qh4 36. N3c2 Nc4 37. Qe2 Rc1 38. Rh3 Qd8 39. Qxc4 Rc8 40. Qd3 R8xc2
41. Kh2 Rxb2 42. e5 Rxe1 43. Qxh7+ Kf8 44. Qh8+ Ke7 45. exd6+ Qxd6 46. Qxb2
Qxf4+ 0-1

[Event "Offene Hessische Senioren Einzelmeisters"]
[Site "Bad Sooden- Allendorf"]
[Date "2011.05.06"]
[Round "7.10"]
[White "Rädeker, Bernd"]
[Black "Kripp, Wolfgang"]
[Result "1/2-1/2"]
[WhiteElo "2220"]
[BlackElo "2153"]
[PlyCount "112"]
[EventDate "2011.??.??"]

1. d4 Nf6 2. c4 e6 3. Nf3 d5 4. Nc3 c6 5. e3 Nbd7 6. Bd3 Bd6 7. e4 dxc4 8. Bxc4
e5 9. O-O O-O 10. Bg5 Qc7 11. Bb3 exd4 12. Qxd4 Ne5 13. Bxf6 Nxf3+ 14. gxf3 c5
15. Qd2 Bf4 16. Nd5 Bxd2 17. Nxc7 gxf6 18. Nxa8 Bf4 19. Bd5 Bh3 20. Bxb7 Bxf1
21. Kxf1 Rb8 22. Bd5 Rxb2 23. h3 Rb8 24. Re1 c4 25. Bxc4 Rxa8 26. Rd1 Rc8 27.
Bb3 Rc1 28. Rxc1 Bxc1 29. Ke2 h6 30. Kd3 Kf8 31. Kc4 Bd2 32. Kd3 Bf4 33. Kd4
Ke7 34. a4 Bd2 35. Kd3 Bf4 36. a5 Bc7 37. a6 Bf4 38. Kd4 Bd2 39. Bc4 Bf4 40.
Kd5 Bh2 41. Kd4 Bf4 42. Kd3 Be5 43. Ke2 Bf4 44. Kf1 Kf8 45. Kg2 Kg7 46. Bb5 h5
47. h4 Kg6 48. Bd7 Kg7 49. Kf1 Kg6 50. Ke2 Kg7 51. Kd3 Kg6 52. Kd4 Kg7 53. Bb5
Kg6 54. Bc4 Bd2 55. Bd3 Kg7 56. Be2 Kg6 1/2-1/2

[Event "Offene Hessische Senioren Einzelmeisters"]
[Site "Bad Sooden- Allendorf"]
[Date "2011.05.06"]
[Round "7.11"]
[White "Oud, Niek"]
[Black "Haselhorst, Helmut"]
[Result "0-1"]
[WhiteElo "2023"]
[BlackElo "2119"]
[PlyCount "84"]
[EventDate "2011.??.??"]

1. d4 Nf6 2. c4 g6 3. Nc3 Bg7 4. e4 d6 5. Nf3 O-O 6. Be2 Bg4 7. O-O Nfd7 8. Be3
Nc6 9. d5 Bxf3 10. Bxf3 Na5 11. Be2 Bxc3 12. bxc3 e5 13. dxe6 fxe6 14. Qa4 b6
15. Rad1 Qe7 16. f4 Nb7 17. Qc2 Rad8 18. Rf3 Rf7 19. Rdf1 Nbc5 20. Rg3 Re8 21.
f5 exf5 22. exf5 Qe4 23. Qd2 Rxf5 24. Rxf5 Qxf5 25. Rf3 Qe4 26. Qd5+ Qxd5 27.
cxd5 a6 28. Kf1 b5 29. Ke1 Nb6 30. Bh6 Nxd5 31. Kd1 Ne4 32. Kc2 Nexc3 33. Bf1
Nxa2 34. g3 Nab4+ 35. Kb3 c5 36. Bh3 Nc7 37. Bd7 Rd8 38. Rf6 d5 39. h4 d4 40.
h5 Nbd5 41. Rf2 c4+ 42. Kc2 b4 0-1

[Event "Offene Hessische Senioren Einzelmeisters"]
[Site "Bad Sooden- Allendorf"]
[Date "2011.05.06"]
[Round "7.12"]
[White "Franck, Rudolf"]
[Black "Hobusch, Werner"]
[Result "1/2-1/2"]
[WhiteElo "2202"]
[BlackElo "2150"]
[PlyCount "49"]
[EventDate "2011.??.??"]

1. d4 Nf6 2. e4 Nxe4 3. Bd3 Nf6 4. c4 e6 5. Be3 d5 6. b3 Bb4+ 7. Nd2 dxc4 8.
Bxc4 Bc3 9. Rc1 Bxd4 10. Bg5 Bb6 11. Qf3 h6 12. Bh4 Qd4 13. Qh3 Ba5 14. Ngf3
Qg4 15. Qxg4 Nxg4 16. h3 Nf6 17. Ke2 Nbd7 18. g4 c6 19. Bg3 Nd5 20. a3 Bd8 21.
a4 N7b6 22. a5 Nxc4 23. bxc4 Nb4 24. Rb1 c5 25. Ne4 {
weitere 21 Züge nicht rekonstruierbar} 1/2-1/2

[Event "Offene Hessische Senioren Einzelmeisters"]
[Site "Bad Sooden- Allendorf"]
[Date "2011.05.06"]
[Round "7.13"]
[White "Peleikis, Horst"]
[Black "Haubt, Georg"]
[Result "0-1"]
[WhiteElo "2064"]
[BlackElo "2207"]
[PlyCount "121"]
[EventDate "2011.??.??"]

1. Nf3 Nc6 2. c4 e5 3. d3 Bc5 4. Nc3 d6 5. g3 Bd7 6. Bg2 Nf6 7. O-O a6 8. Bg5
h6 9. Bd2 O-O 10. Qc1 Ne7 11. a3 c6 12. b4 Ba7 13. e4 Kh7 14. h3 Rc8 15. Kh2
Be6 16. Qd1 Ng6 17. Rc1 b5 18. Qe2 Nd7 19. Rcd1 Qc7 20. Rc1 Qb7 21. Rfd1 Nb6
22. cxb5 axb5 23. Be3 Ra8 24. Qb2 f5 25. exf5 Bxf5 26. Qb3 Qd7 27. Ne4 Bxe4 28.
dxe4 Nc4 29. Bxa7 Qxa7 30. Kg1 Qxa3 31. Qxa3 Rxa3 32. Nd2 Nb2 33. Rf1 Ne7 34.
Rb1 Nd3 35. Rb3 Rxb3 36. Nxb3 Nxb4 37. f4 exf4 38. gxf4 Nd3 39. f5 Rd8 40. Rd1
Nf4 41. Bf1 d5 42. Kf2 Ra8 43. Ke3 Ra3 44. Rb1 Nh5 45. Bd3 dxe4 46. Kxe4 Kg8
47. Ke5 Kf7 48. Nc5 Rc3 49. Kd4 Ra3 50. Re1 Nf4 51. Bc2 Rxh3 52. Ke5 Nfd5 53.
Kd6 Re3 54. Rf1 Rc3 55. Be4 Ne3 56. Rf2 Nc4+ 57. Kc7 b4 58. Bb1 b3 59. Rg2 Ne3
60. Ne4 Nxg2 61. Nxc3 0-1

[Event "Offene Hessische Senioren Einzelmeisters"]
[Site "Bad Sooden- Allendorf"]
[Date "2011.05.06"]
[Round "7.14"]
[White "Lindner, Jan-Joost"]
[Black "Romanow, Werner"]
[Result "1-0"]
[WhiteElo "2155"]
[BlackElo "2097"]
[PlyCount "53"]
[EventDate "2011.??.??"]

1. f4 d5 2. Nf3 g6 3. e3 Bg7 4. Be2 Nf6 5. O-O Nbd7 6. d3 c5 7. Qe1 Qc7 8. Nc3
a6 9. e4 d4 10. Nd1 Nb6 11. b3 Bg4 12. Bd2 Nbd7 13. e5 Nd5 14. Nf2 Bxf3 15.
Bxf3 N7b6 16. a4 Rd8 17. a5 Nc8 18. Bxd5 Rxd5 19. Ne4 O-O 20. Qh4 f6 21. Rf3
Rf7 22. Raf1 Qd7 23. f5 Rxe5 24. Rh3 Rxf5 25. Qxh7+ Kf8 26. Bh6 Rxf1+ 27. Kxf1
1-0

[Event "Offene Hessische Senioren Einzelmeisters"]
[Site "Bad Sooden- Allendorf"]
[Date "2011.05.06"]
[Round "7.15"]
[White "Wünsch, Ulrich"]
[Black "Kalix, Wolfgang"]
[Result "1-0"]
[WhiteElo "2142"]
[BlackElo "2064"]
[PlyCount "35"]
[EventDate "2011.??.??"]

1. d4 Nf6 2. Nf3 e6 3. e3 c5 4. c4 cxd4 5. exd4 b6 6. Nc3 Bb7 7. Bg5 Be7 8. Bd3
d6 9. O-O Nbd7 10. Qe2 O-O 11. Rfe1 Re8 12. Rad1 d5 13. Ne5 dxc4 14. Nxf7 Kxf7
15. Qxe6+ Kf8 16. Bxc4 Nd5 17. Nxd5 Bxg5 18. Ne7 1-0

[Event "Offene Hessische Senioren Einzelmeisters"]
[Site "Bad Sooden- Allendorf"]
[Date "2011.05.06"]
[Round "7.16"]
[White "Nagorni, Walter"]
[Black "Achenbach, Manfred"]
[Result "1/2-1/2"]
[WhiteElo "2108"]
[BlackElo "2160"]
[PlyCount "88"]
[EventDate "2011.??.??"]

1. Nf3 d5 2. d4 g6 3. g3 Bg7 4. Bg2 Nf6 5. O-O O-O 6. c4 c6 7. Nc3 dxc4 8. a4
Na6 9. Ne5 Be6 10. e3 Qc8 11. Qe2 c5 12. d5 Nxd5 13. Nxg6 Nxc3 14. Nxe7+ Kh8
15. bxc3 Qd7 16. Nd5 Bxd5 17. Rd1 Nc7 18. e4 Qe6 19. Bf4 Rfe8 20. Bxc7 Bxe4 21.
Bxe4 Qxe4 22. Qxe4 Rxe4 23. Rac1 Rae8 24. Bf4 Kg8 25. Be3 b6 26. Rd5 R4e6 27.
a5 Bh6 28. Bxh6 Rxh6 29. Rd7 a6 30. axb6 Rxb6 31. Rc7 Re5 32. Kf1 Rb2 33. Re1
Rf5 34. Re2 Rb3 35. Re3 a5 36. Ra7 Ra3 37. h4 h5 38. f4 Ra2 39. Re2 Ra1+ 40.
Kf2 Rc1 41. Re3 Rd5 42. Rxa5 Rd2+ 43. Kf3 Rd5 44. Ra4 f5 1/2-1/2

[Event "Offene Hessische Senioren Einzelmeisters"]
[Site "Bad Sooden- Allendorf"]
[Date "2011.05.06"]
[Round "7.17"]
[White "Reinhold, Dr. Klaus"]
[Black "Weyrauch, Erich"]
[Result "1-0"]
[WhiteElo "2114"]
[BlackElo "2184"]
[PlyCount "101"]
[EventDate "2011.??.??"]

1. d4 Nf6 2. c4 e5 3. dxe5 Ne4 4. a3 d6 5. Nf3 Nc6 6. Qc2 Bf5 7. Nc3 Nxf2 8.
Qxf5 Nxh1 9. e6 fxe6 10. Qxe6+ Qe7 11. Qxe7+ Bxe7 12. g3 Na5 13. Bg2 Nxg3 14.
hxg3 Nxc4 15. Bh3 c6 16. Bg5 h6 17. Bxe7 Kxe7 18. Nd4 g6 19. b3 Ne5 20. Nf3
Nxf3+ 21. exf3 d5 22. Kf2 Kd6 23. Rd1 Rhf8 24. Ne4+ Kc7 25. Nc5 Rf6 26. b4 Re8
27. Nd3 Kd6 28. Re1 Rxe1 29. Nxe1 b6 30. f4 a5 31. Nd3 Rf8 32. Ne5 axb4 33.
axb4 g5 34. Ng6 Rf6 35. f5 c5 36. bxc5+ bxc5 37. g4 d4 38. Kf3 Rf7 39. Bf1 Kd5
40. Bd3 Ra7 41. Be4+ Kd6 42. Bd3 Ra3 43. Ke4 Ra1 44. Bc4 Ra3 45. Bd3 Rc3 46.
Ne5 Rb3 47. f6 Rb8 48. f7 Rf8 49. Be2 d3 50. Bxd3 Ke7 51. Bc4 1-0

[Event "Offene Hessische Senioren Einzelmeisters"]
[Site "Bad Sooden- Allendorf"]
[Date "2011.05.06"]
[Round "7.18"]
[White "Hunold, Rolf"]
[Black "Mann, Klaus-Dieter"]
[Result "1/2-1/2"]
[WhiteElo "2122"]
[BlackElo "2116"]
[PlyCount "110"]
[EventDate "2011.??.??"]

1. e4 c5 2. Nf3 e6 3. d4 cxd4 4. Nxd4 a6 5. c4 Qc7 6. Nc3 Nc6 7. Nc2 Nf6 8. Be2
Be7 9. O-O O-O 10. a3 d6 11. Bg5 b6 12. Ne3 Re8 13. Qd2 Bb7 14. Rfd1 Rad8 15.
Qc2 Ne5 16. Bf4 Ned7 17. b4 Nf8 18. Bg3 Rc8 19. Rac1 Red8 20. f4 N6d7 21. Bf3
g6 22. Qf2 f5 23. exf5 gxf5 24. Re1 Nf6 25. Bh4 Bxf3 26. Qxf3 Ng6 27. Bg3 Bf8
28. h3 Bg7 29. Bh2 h5 30. g4 hxg4 31. hxg4 fxg4 32. Nxg4 Nf8 33. Nxf6+ Bxf6 34.
Ne4 Bg7 35. Ng5 Re8 36. Qh5 Re7 37. Qh3 Rce8 38. Qd3 Rd7 39. f5 Be5 40. fxe6
Rg7 41. Bxe5 dxe5 42. Kf2 Rxg5 43. Rg1 Nh7 44. Rxg5+ Nxg5 45. Qg6+ Kf8 46. Qxg5
Rxe6 47. Qf5+ Qf7 48. Qxf7+ Kxf7 49. Ke3 Rh6 50. c5 bxc5 51. bxc5 Ke7 52. Ke4
Kd7 53. Kxe5 Kc6 54. Kd4 Rh4+ 55. Kc3 Kxc5 1/2-1/2

[Event "Offene Hessische Senioren Einzelmeisters"]
[Site "Bad Sooden- Allendorf"]
[Date "2011.05.06"]
[Round "7.19"]
[White "Causevic, Ismet"]
[Black "Heinzel, Peter"]
[Result "1/2-1/2"]
[WhiteElo "1946"]
[BlackElo "2078"]
[PlyCount "27"]
[EventDate "2011.??.??"]

1. d4 Nf6 2. c4 e5 3. dxe5 Ng4 4. Nf3 Nc6 5. g3 Ngxe5 6. Nxe5 Nxe5 7. Qc2 Bb4+
8. Nd2 O-O 9. Bg2 Rb8 10. e3 Qf6 11. O-O Bxd2 12. Bxd2 Nf3+ 13. Bxf3 Qxf3 14.
Qd1 1/2-1/2

[Event "Offene Hessische Senioren Einzelmeisters"]
[Site "Bad Sooden- Allendorf"]
[Date "2011.05.06"]
[Round "7.20"]
[White "Kahn, Peter"]
[Black "Sailer, Hans-Peter"]
[Result "1/2-1/2"]
[WhiteElo "2083"]
[BlackElo "1904"]
[PlyCount "52"]
[EventDate "2011.??.??"]

1. Nf3 Nf6 2. d4 e6 3. e3 d5 4. Bd3 c5 5. c3 Nc6 6. Nbd2 Bd6 7. O-O O-O 8. dxc5
Bxc5 9. e4 e5 10. Qe2 Bg4 11. h3 Bh5 12. exd5 Qxd5 13. Ne4 Bg6 14. Nxc5 Qxc5
15. Bxg6 hxg6 16. Be3 Qe7 17. Rad1 Rfd8 18. Qc4 Rac8 19. Qh4 Rxd1 20. Rxd1 Rd8
21. Qa4 Nd5 22. Bg5 f6 23. Qe4 Qf7 24. c4 Nb6 25. Rxd8+ Nxd8 26. Qd3 Nc6
1/2-1/2

[Event "Offene Hessische Senioren Einzelmeisters"]
[Site "Bad Sooden- Allendorf"]
[Date "2011.05.06"]
[Round "7.21"]
[White "Wieprecht, Gerhard"]
[Black "Haase, Wolfgang"]
[Result "0-1"]
[WhiteElo "1922"]
[BlackElo "2100"]
[PlyCount "82"]
[EventDate "2011.??.??"]

1. e4 c5 2. Nf3 Nc6 3. d4 cxd4 4. Nxd4 Nf6 5. Nc3 e5 6. Ndb5 d6 7. Bg5 a6 8.
Na3 b5 9. Nd5 Be7 10. Bxf6 Bxf6 11. c3 O-O 12. Nc2 Bg5 13. h4 Bh6 14. g4 Bf4
15. Qf3 Be6 16. Nxf4 Qf6 17. Be2 Qxf4 18. Ne3 Qxf3 19. Bxf3 Rfd8 20. Nd5 Kf8
21. O-O-O b4 22. Nxb4 Nxb4 23. cxb4 Bxa2 24. Rd3 Rab8 25. Rhd1 Rxb4 26. Rc3 a5
27. Rc6 Ke7 28. g5 a4 29. Rd3 d5 30. exd5 e4 31. Re3 Bxd5 32. Ra6 Rdb8 33. Re2
Kf8 34. Rd2 Bc4 35. Be2 Bxa6 36. Bxa6 f5 37. Rd5 g6 38. Rd7 Rxb2 39. Rxh7 Kg8
40. Ra7 R2b4 41. Kd2 a3 0-1

[Event "Offene Hessische Senioren Einzelmeisters"]
[Site "Bad Sooden- Allendorf"]
[Date "2011.05.06"]
[Round "7.22"]
[White "Schlag, Franz"]
[Black "Schmidt, Gerhard"]
[Result "0-1"]
[WhiteElo "2110"]
[BlackElo "2233"]
[PlyCount "139"]
[EventDate "2011.??.??"]

1. c3 d5 2. d4 Nf6 3. Bg5 c6 4. Nd2 Bf5 5. g3 Nbd7 6. Bg2 h6 7. Bxf6 Nxf6 8.
Ngf3 e6 9. O-O Bd6 10. Ne5 O-O 11. Qb3 Qc7 12. f4 c5 13. Rae1 cxd4 14. cxd4 Bc2
15. Qc3 Rac8 16. Qxc7 Rxc7 17. e3 Rfc8 18. e4 dxe4 19. Nxe4 Nxe4 20. Bxe4 Bxe4
21. Rxe4 Rc2 22. Rf2 f6 23. Nf3 Kf7 24. Rfe2 Rxe2 25. Rxe2 g5 26. fxg5 hxg5 27.
Kf2 g4 28. Ne1 Rc4 29. Rd2 Ke7 30. Ke2 f5 31. Ng2 Rc1 32. Ne3 Kf6 33. Kd3 Kg5
34. Nc4 Bc7 35. Re2 Kf6 36. Ne3 Kg5 37. Nc4 Kf6 38. Ne3 Bb6 39. Kd2 Rc8 40. Nc2
Rd8 41. Kc3 Rd6 42. Kc4 Rd8 43. Kc3 Bc7 44. Ne3 e5 45. dxe5+ Bxe5+ 46. Kc2 Bd4
47. Nd1 Rh8 48. Rg2 $11 Kg5 49. Kd3 Bb6 50. Nc3 Rd8+ 51. Kc2 f4 52. gxf4+ Kxf4
53. Re2 Bg1 54. Rg2 Bb6 55. Re2 Kf3 56. Re7 Rh8 57. Rf7+ Kg2 58. Rg7 Rxh2 59.
Kd3 Kg3 60. Ne4+ Kf4 61. Rf7+ Ke5 62. Re7+ Kd5 63. Rd7+ Ke6 64. Rg7 Rxb2 65.
Rxg4 Rxa2 66. Nc3 Ba5 67. Rc4 Ra3 68. Kd4 Rxc3 69. Rxc3 Bxc3+ 70. Kxc3 0-1

[Event "Offene Hessische Senioren Einzelmeisters"]
[Site "Bad Sooden- Allendorf"]
[Date "2011.05.06"]
[Round "7.23"]
[White "Lenk, Wolfgang"]
[Black "Kneschke, Hansjürgen"]
[Result "1/2-1/2"]
[WhiteElo "2238"]
[BlackElo "1871"]
[PlyCount "25"]
[EventDate "2011.??.??"]

1. e4 c6 2. d4 d5 3. Nc3 dxe4 4. Nxe4 Nd7 5. Bc4 Ngf6 6. Ng5 e6 7. Ne2 Nb6 8.
Bb3 c5 9. c3 cxd4 10. Qxd4 Qxd4 11. Nxd4 Bd7 12. O-O h6 13. Ngf3 1/2-1/2

[Event "Offene Hessische Senioren Einzelmeisters"]
[Site "Bad Sooden- Allendorf"]
[Date "2011.05.06"]
[Round "7.24"]
[White "Biller, Dr. Helmut"]
[Black "Höllger, Herbert"]
[Result "1/2-1/2"]
[WhiteElo "2139"]
[BlackElo "2077"]
[PlyCount "56"]
[EventDate "2011.??.??"]

1. d4 g6 2. c4 Bg7 3. Nc3 d6 4. Nf3 a6 5. e4 c5 6. d5 Bg4 7. Be2 Bxf3 8. Bxf3
Nd7 9. Qc2 Ngf6 10. O-O O-O 11. Bf4 h6 12. h3 Ne5 13. Be2 g5 14. Bg3 Ng6 15.
Qd2 Nd7 16. Rac1 Qa5 17. b3 Nde5 18. Nb1 Qxd2 19. Nxd2 Nf4 20. Bxf4 gxf4 21. g3
Ng6 22. Bh5 fxg3 23. fxg3 Bd4+ 24. Kg2 Be3 25. Rc2 Bxd2 26. Rxd2 Ne5 27. Be2
Rfe8 28. a4 a5 1/2-1/2

[Event "Offene Hessische Senioren Einzelmeisters"]
[Site "Bad Sooden- Allendorf"]
[Date "2011.05.06"]
[Round "7.25"]
[White "Kempen, Willi"]
[Black "Petzold, Dr. Hans"]
[Result "1/2-1/2"]
[WhiteElo "2046"]
[BlackElo "2157"]
[PlyCount "44"]
[EventDate "2011.??.??"]

1. e4 e6 2. d4 d5 3. Nc3 Bb4 4. e5 c5 5. a3 Bxc3+ 6. bxc3 Qc7 7. Nf3 Bd7 8. Bd3
Ba4 9. O-O h6 10. Be3 c4 11. Be2 Ne7 12. Qd2 Nd7 13. Ne1 O-O-O 14. f4 h5 15.
Nf3 Nf5 16. Bf2 h4 17. Ng5 Nf8 18. Bg4 g6 19. Ra2 Kb8 20. Qe1 Rd7 21. Bxf5 gxf5
22. Bxh4 Ng6 1/2-1/2

[Event "Offene Hessische Senioren Einzelmeisters"]
[Site "Bad Sooden- Allendorf"]
[Date "2011.05.06"]
[Round "7.26"]
[White "Kopp, Dr. Peter"]
[Black "Just, Joachim"]
[Result "1/2-1/2"]
[WhiteElo "2126"]
[BlackElo "2032"]
[PlyCount "65"]
[EventDate "2011.??.??"]

1. g3 d5 2. Bg2 Nf6 3. d3 c6 4. Nd2 g6 5. e4 dxe4 6. dxe4 Bg7 7. Ngf3 Bg4 8. h3
Bxf3 9. Qxf3 Nbd7 10. O-O O-O 11. Re1 Qc7 12. a4 Rad8 13. Qa3 Rfe8 14. Nc4 Nh5
15. Qe3 Nb6 16. Nxb6 axb6 17. e5 Bf8 18. b3 Ng7 19. Bb2 Nf5 20. Qe4 e6 21. g4
Ng7 22. Bc3 Rd7 23. Bf1 Qd8 24. Bd3 Qh4 25. Kg2 Bc5 26. Re2 Red8 27. f3 Qe7 28.
Rf1 Rd4 29. Bxd4 Rxd4 30. Qe3 Rxg4+ 31. hxg4 Bxe3 32. Rxe3 Qg5 33. Kf2 1/2-1/2